| 000 -LEADER |
| fixed length control field |
00775nam a22001577a 4500 |
| 003 - CONTROL NUMBER IDENTIFIER |
| control field |
OSt |
| 005 - DATE AND TIME OF LATEST TRANSACTION |
| control field |
20151004154311.0 |
| 008 - FIXED-LENGTH DATA ELEMENTS--GENERAL INFORMATION |
| fixed length control field |
151004b xxu||||| |||| 00| 0 eng d |
| 040 ## - CATALOGING SOURCE |
| Transcribing agency |
RUA |
| 082 ## - DEWEY DECIMAL CLASSIFICATION NUMBER |
| Classification number |
AVM AY 2004 B074 Or.1 |
| 100 ## - MAIN ENTRY--PERSONAL NAME |
| 9 (RLIN) |
2010 |
| Personal name |
AY, SATYA. |
| 245 ## - TITLE STATEMENT |
| Title |
biotechnology of fermented rice bran with saccharomyces cerevisiae and its effect on performance of chickens (ជីវបច្ចេកវិទ្យានៃការកែច្នៃកន្ទក់ដោយមេល្បើង saccharomyces cerevisiae និង ឥទ្ធិពលនៃបរិមាណរបស់វាទៅលើការលូតលាស់របស់មាន់សាច់) |
| 260 ## - PUBLICATION, DISTRIBUTION, ETC. (IMPRINT) |
| Place of publication, distribution, etc. |
Phnom Penh |
| Name of publisher, distributor, etc. |
RUA |
| Date of publication, distribution, etc. |
2004 |
| 300 ## - PHYSICAL DESCRIPTION |
| Extent |
vii, 35p. |
| Other physical details |
ill. |
| Dimensions |
29cm. |
| 942 ## - ADDED ENTRY ELEMENTS (KOHA) |
| Source of classification or shelving scheme |
|
| Koha item type |
AVM |